MARC

LEADER 00000nam0a2200000 4500
001 372640
005 20231102012508.0
010 |a 522900147X 
020 |a RU  |b 88-86874 
035 |a (RuTPU)RU\TPU\retro\30064 
035 |a RU\TPU\book\269768 
090 |a 372640 
100 |a 20221215d1988 k y0rusy5003 ca 
101 0 |a rus 
102 |a RU 
105 |a a z 001zy 
200 1 |a Охлаждение современных доменных печей  |f Г. А. Кудинов 
210 |a Москва  |c Металлургия  |d 1988 
215 |a 255 с.  |c ил. 
320 |a Библиогр.: с. 252-253 (37 назв.). 
606 1 |a Доменные печи  |x Охлаждение водяное  |2 stltpush  |3 (RuTPU)RU\TPU\subj\9934  |9 37085 
610 1 |a водяное охлаждение 
610 1 |a испарительное охлаждение 
610 1 |a металлургические предприятия 
675 |a 669.162.21  |v 3 
700 1 |a Кудинов  |b Г. А.  |g Геннадий Александрович 
801 0 |a RU  |b RuMRKP  |c 19950417  |g psbo 
801 1 |a RU  |b 63413507  |c 20140117 
801 2 |a RU  |b 63413507  |c 20221215  |g RCR 
942 |c BK